Sports Quiz

Random Sports Quiz

Vuelta a Espana 2019 National Podiums Quiz Stats

 Plays Quiz not verified by Sporcle

Support Sporcle.
Go Orange.
Score 0/57 Timer 10:00
0 Plays Today
Hint Answer % Correct
SloveniaPrimoz Roglic
100%
SpainAlejandro Valverde
100%
SloveniaTadej Pogacar
99%
ColombiaNairo Quintana
96.9%
ColombiaMiguel Angel Lopez
92.9%
PolandRafal Majka
90.8%
NetherlandsWilco Kelderman
81.6%
SpainMarc Soler
80.6%
NorwayCarl Fredrik Hagen
80.6%
ColombiaSergio Higuita
73.5%
SpainMikel Nieve
68.4%
Great BritainTao Geoghegan Hart
68.4%
Great BritainJames Knox
67.3%
DenmarkJakob Fuglsang
65.3%
New ZealandGeorge Bennett
63.3%
South AfricaLouis Meintjes
53.1%
NetherlandsRobert Gesink
49%
PortugalRuben Guerreiro
49%
FrancePierre Latour
49%
United StatesSepp Kuss
49%
PortugalNelson Oliveira
48%
BelgiumDylan Teuns
46.9%
PolandPawel Poljanski
45.9%
NorwayEdvald Boasson Hagen
45.9%
BelgiumThomas de Gendt
45.9%
BelgiumPhilippe Gilbert
44.9%
FranceNicolas Edet
41.8%
United StatesNeilson Powless
35.7%
South AfricaWillie Smit
30.6%
Hint Answer % Correct
SwitzerlandKilian Frankiny
27.6%
SwitzerlandSteve Morabito
26.5%
ItalyGianluca Brambilla
26.5%
SloveniaLuka Pibernik
25.5%
DenmarkCasper Pedersen
25.5%
AustraliaBen O'Connor
24.5%
New ZealandDion Smith
24.5%
Great BritainOwain Doull
23.5%
GermanyNikias Arndt
21.4%
ItalyDario Cataldo
20.4%
GermanyJohn Degenkolb
20.4%
DenmarkNiklas Eg
19.4%
SwitzerlandSilvan Dillier
19.4%
GermanyJonas Koch
19.4%
PolandTomasz Marczynski
18.4%
FranceFrancois Bidard
17.3%
RussiaViacheslav Kuznetsov
17.3%
NetherlandsMartijn Tusveld
16.3%
South AfricaNic Dlamini
16.3%
AustraliaDamien Howson
14.3%
United StatesPeter Stetina
14.3%
New ZealandSam Bewley
14.3%
RussiaPavel Kochetkov
14.3%
NorwayRasmus Tiller
13.3%
AustraliaNick Schultz
12.2%
ItalyMatteo Fabbro
12.2%
PortugalRicardo Vilela
9.2%
RussiaSergei Chernetski
7.1%

You're not logged in!

Compare scores with friends on all Sporcle quizzes.
OR
Log In

From the Vault

Christmas Baddies

by slipkid

Christmas bad guys are still pretty jolly.
Remove Ads.
Support Sporcle.
Get the best of Sporcle when you Go Orange. This ad-free experience offers more features, more stats, and more fun while also helping to support Sporcle. Thank you for becoming a member.

Show Comments

Extras

Top Quizzes Today


Score Distribution

Your Account Isn't Verified!

In order to create a playlist on Sporcle, you need to verify the email address you used during registration. Go to your Sporcle Settings to finish the process.

Report this User

Report this user for behavior that violates our Community Guidelines.

Details: